Harry Potter Quiz - Easy - Statistics

General Stats
  • This quiz has been taken 600 times
  • The average score is 12 of 15
Answer Stats
Hint Answer % Correct
Harry frees Dobby with what? Sock
98%
Hermione's parents are what? (2) Muggles
90%
How many Horcruxes are there? Seven
89%
In the second book, what does Draco Malfoy call Hermione? Mudblood
86%
Moaning _ _ _ _ _ _ Myrtle
86%
Nearly Headless _ _ _ _ Nick
86%
Name something used while playing Quidditch? (9) Snitch
86%
What animal is Argus Filch's pet, which was petrified in the second book? Cat
84%
Which Horcrux does Harry destroy first? Diary
84%
In the fourth book, Harry has to put the golden egg in what to understand the clue? Water
79%
Harry's wand contains what? Phoenix feather
78%
What do the majority of wizards and witches call Voldemort out of fear? (3) He Who Must Not Be Named
77%
What does Professor McGonagall teach? Transfiguration
77%
Who plays Cedric Diggory? Robert Pattinson
64%
Voldemort is scared of what? Death
57%
No matching quizzes found
Score Distribution
Percent of People with Each Score
Percentile by Number Answered
Your Score History
You have not taken this quiz